The General Clauses Act, 1897: (Record no. 613296)

000 -LEADER
fixed length control field 00389nam a22001337a 4500
082 ## - DEWEY DECIMAL CLASSIFICATION NUMBER
Classification number 349.5491
Author Mark ANJ
100 ## - MAIN ENTRY--PERSONAL NAME
Personal name Anjum, Amir Shahzad
245 ## - TITLE STATEMENT
Title The General Clauses Act, 1897:
Remainder of title [X of 1897] /
Statement of responsibility, etc. Amir Shahzad Anjum
260 ## - PUBLICATION, DISTRIBUTION, ETC.
Place of publication, distribution, etc. Lahore :
Name of publisher, distributor, etc. Irfan Law Book House,
Date of publication, distribution, etc. 2024.
300 ## - PHYSICAL DESCRIPTION
Extent 222 p.
563 ## - BINDING INFORMATION
Binding note HB.
650 ## - SUBJECT ADDED ENTRY--TOPICAL TERM
Topical term or geographic name entry element Law, General Clauses Act, 1897
942 ## - ADDED ENTRY ELEMENTS (KOHA)
Source of classification or shelving scheme
Koha item type Book
650 ## - SUBJECT ADDED ENTRY--TOPICAL TERM
-- 128273
Holdings
Withdrawn status Lost status Source of classification or shelving scheme Damaged status Not for loan Permanent Location Current Location Date acquired Total Checkouts Full call number Barcode Checked out Date last seen Date last checked out Price effective from Koha item type
          NUST Law School (NLS) NUST Law School (NLS) 03/13/2025 1 349.5491 ANJ NLS-1206 05/08/2026 04/08/2026 04/08/2026 03/13/2025 Book
          NUST Law School (NLS) NUST Law School (NLS) 03/13/2025   349.5491 ANJ NLS-1207   03/13/2025   03/13/2025 Book
          NUST Law School (NLS) NUST Law School (NLS) 03/13/2025   349.5491 ANJ NLS-1208   03/13/2025   03/13/2025 Book
© 2023 Central Library, National University of Sciences and Technology. All Rights Reserved.